000 00596nam a22001697a 4500
003 UA-OsUOA
001 17372
007 ta
008 20040225b un ||||| |||| 00| 0 ukr d
942 _cSA
040 _aUA-OsUOA
_cUA-OsUOA
_dUA-OsUOA
245 _aРейтинг сільськогосподарських підприємств [Сарнен. р-ну] за підсумками роботи 2003 року: [Табл.]
300 _aС.3
955 _a0
773 0 _w0
_tСарненські новини
_dСарни
_d2004
_g№11/27 січ./
650 7 _aКраєзнавча робота
_2UDC
999 _c303540
_d303540